| 000 | 00606nam a2200205 a 4500 | ||
|---|---|---|---|
| 001 | 2163 | ||
| 003 | CDMR | ||
| 005 | 20131203131328.0 | ||
| 008 | 130130s1987||||||||||||||||||||||||||||d | ||
| 020 | _a8430913998 | ||
| 040 |
_aCDMR _bcat _cCDMR |
||
| 100 | 1 |
_aMonzon Arribas, Cándido _91612 |
|
| 245 | 1 | 3 |
_aLa opinión pública _b: teorías, concepto y métodos _cCándido Monzón Arribas |
| 260 |
_aMadrid _c1987 _bTecnos |
||
| 300 | _a207 p. | ||
| 490 | 0 | _aCiencia Política (Tecnos) | |
| 650 | 0 | 4 |
_92537 _aOpinió pública |
| 650 | 0 | 4 |
_93542 _aMitjans de comunicació de massa _xInfluència |
| 942 |
_cMON _2udc |
||
| 999 |
_c2163 _d2163 |
||